000 00609nam a2200193 4500
001 127588
003 ES-MaACL
005 20230906193037.0
007 t|
008 070214s1941 gw r ||||1| ger d
100 1 _aRittlinger, Herbert.
_997495
245 1 0 _aIch kam die reissenden Flüsse herab
_b: Ganz allein zum Amazonas : roman /
_cHerbert Rittlinger.
260 _aLeipzig :
_bTauchnitz,
_c1941.
300 _a333 p. ;
_c19 cm.
490 1 _aDer deutsche Tauchnitz ;
_v102
830 0 _aDer deutsche Tauchnitz ;
_v102
_9182699
852 _aES-MaACL
_jF-4748
_bR.19905
999 _c127588
_d127588